• 首页
  • 本馆介绍
  • 公告通知
  • 最新文献
  • 馆藏检索
  • 电子资源
  • 读者导购
  • 参考咨询
  • 我的图书馆
  • 登录
  • 详细信息显示
  • 放入我的书架
  • 预约/预借图书
  • 作者相关作品
  • 分类相关作品
  • 丛书相关作品
  • 出版社相关作品

书目信息

  • 表格格式
  • 工作单格式
  • 卡片格式
题名:
非读不可
    
 
作者: 丹羽宇一郎 著 ;李敏 译
分册:  
出版信息: 南宁   广西科学技术出版社  2020
页数: 222页
开本: 19cm
丛书名:
单 册:
中图分类: G792-49 , G792
科图分类:
主题词: 读书方法--通俗读物
电子资源:
ISBN: 978-7-5551-1318-8
000 01013nam0 2200241 450
001 2337263185
005 20231119111316.55
010    @a978-7-5551-1318-8@dCNY46.00
100    @a20200610d2020 em y0chiy50 ea
101 1  @achi@cjpn
102    @aCN@b450000
105    @ay z 000yy
200 1  @a非读不可@9fei du bu ke@f(日)丹羽宇一郎著@g李敏译
210    @a南宁@c广西科学技术出版社@d2020
215    @a222页@d19cm
330    @a本书是现年81岁的日本商界传奇、读书家丹羽宇一郎的一生读书心得,不仅关于读书方法,更关于如何独立思考,如何面对人生的方方面面。 在这本书中,丹羽宇一郎首次畅谈自己一生读书经历的所得、所感,包括为什么读书、读什么书、怎么读书、读书的实际价值等,分享了许多有趣的观点和方法,从谈读书延伸到工作、人际交往、人生观等,启发当代年轻人重新认识读书、爱上读书。
606 0  @a读书方法@j通俗读物
690    @aG792-49@v5
690    @aG792@v4
701  0 @c(日)@a丹羽宇一郎@9dan yu yu yi lang@f(1939-)@4著
702  0 @a李敏@9li min@4译
801  0 @aCN@b山东中教@c20200615
905    @aBZT@dG792@e61
    
    非读不可/(日)丹羽宇一郎著/李敏译.-南宁:广西科学技术出版社,2020
    222页;19cm
    
    
    ISBN 978-7-5551-1318-8:CNY46.00
    本书是现年81岁的日本商界传奇、读书家丹羽宇一郎的一生读书心得,不仅关于读书方法,更关于如何独立思考,如何面对人生的方方面面。 在这本书中,丹羽宇一郎首次畅谈自己一生读书经历的所得、所感,包括为什么读书、读什么书、怎么读书、读书的实际价值等,分享了许多有趣的观点和方法,从谈读书延伸到工作、人际交往、人生观等,启发当代年轻人重新认识读书、爱上读书。
●
相关链接 在五车中查询图书 在当当中查询图书 在豆瓣中查询图书


正题名:非读不可     索取号:G792/61         预约/预借

序号 登录号 条形码 馆藏地/架位号 状态 备注
1 2000982339   2000982339   中教第一批/山东中教(第一批)/420/ [索取号:G792/61] 在馆    
2 2000982340   2000982340   中教第一批/山东中教(第一批)/420/ [索取号:G792/61] 在馆    
3 2000982341   2000982341   中教第一批/山东中教(第一批)/420/ [索取号:G792/61] 在馆    
4 2000982342   2000982342   中教第一批/山东中教(第一批)/420/ [索取号:G792/61] 在馆    
5 2000982343   2000982343   中教第一批/山东中教(第一批)/420/ [索取号:G792/61] 在馆    
6 2000982344   2000982344   中教第一批/山东中教(第一批)/420/ [索取号:G792/61] 在馆    
山东省滨州职业学院图书馆 欢迎您!
大连网信软件有限公司© 版权所有